Terrae incognitae : the place of the imagination in geography

Tierra incógnita: estas palabras despiertan la imaginación. A lo largo de los siglos, los hombres se han sentido atraídos hacia regiones desconocidas por las voces de sirena, cuyos ecos resuenan en nuestros oídos hoy en día cuando en los mapas modernos vemos espacios etiquetados como inexplorados, r...

Full description

Bibliographic Details
Main Author: Wright, John Kirtland
Format: Analitica de revista
Language:Spanish
Published: United States : Association of American Geographers, 1947.
Subjects:
Online Access:Acceso electrónico al documento

MARC

LEADER 00000cab a2200000 a 4500
001 024253
003 UAHC_CL
005 20220128172709.0
008 110603s1947 us || || 000 s|spa
040 |a UAHC_CL  |c UAHC_CL  |d UAHC_CL 
100 |9 14675  |a Wright, John Kirtland 
245 |a Terrae incognitae :   |b  the place of the imagination in geography  |c John K. Wright. 
260 |a United States :  |b Association of American Geographers,  |c 1947. 
300 |a p. 1-15 
500 |a En: Annals of the Association of American Geographers, no. 37, 1947. pp. 1-15. 
520 |a Tierra incógnita: estas palabras despiertan la imaginación. A lo largo de los siglos, los hombres se han sentido atraídos hacia regiones desconocidas por las voces de sirena, cuyos ecos resuenan en nuestros oídos hoy en día cuando en los mapas modernos vemos espacios etiquetados como inexplorados, ríos representados por líneas discontinuas, islas marcadas como existencia dudosa. 
650 0 |9 1566  |a Geografía urbana 
650 0 |9 1269  |a Espacio y tiempo 
856 |y Acceso electrónico al documento  |u https://www.jstor.org/stable/2561211 
942 |c REVA  |2 ddc 
952 |0 0  |1 0  |2 ddc  |4 0  |6 RECURSO_ELECTRÓNICO  |7 0  |8 COMP  |9 94993  |a BC  |b BC  |c Digital  |d 2022-01-28  |l 0  |o Recurso electrónico  |r 2022-01-28 00:00:00  |w 2022-01-28  |y REVA  |B GEO 
999 |c 59172  |d 59172